| 000 | 00959nam a22002657a 4500 | ||
|---|---|---|---|
| 005 | 20170123162338.0 | ||
| 010 | _aA-374668 | ||
| 020 | _c12.50 | ||
| 035 | _aA-374668 | ||
| 037 | _bCen Lib/Ret | ||
| 040 |
_aDPL _bUR |
||
| 082 |
_a840.8 _bم ح م |
||
| 100 |
_aمحمّد حسن _9125245 |
||
| 245 |
_aادبیات شناسی : _cمحمّد حسن _bتدریس اردو کے بارے میں ایک کتاب / |
||
| 246 |
_aAdbiyat shanasi : tadrees urdu ke bare mein ek kitab / _bby Mohammad Hasan |
||
| 260 |
_aنیی دہلی _bترقی اردو بیورو _c1989 |
||
| 270 |
_aویسٹ بلاک،٨، ار.کے. پرم _bنیی دہلی _e110066 |
||
| 300 |
_a192p. _c21cm(Hb) |
||
| 500 | _aکتابیات | ||
| 650 |
_aادب - اردو _9125246 |
||
| 650 |
_aادبیات شناسی _9646 |
||
| 650 |
_aLitrerature -- Urdu _9125247 |
||
| 650 |
_aUrdu Humanities Studies _9125248 |
||
| 942 |
_2ddc _cUR _h840.8 _mم ح م |
||
| 999 |
_c108277 _d108277 |
||